000 00868nas a2200289 4500
001 BR2015003208
003 BR-BrBNA
005 20231205125358.0
007 ta
008 230509b bl.|||p| |||| 00| 00por d
040 _aBR-BrBNA
_bpor
_cBiblioteca Nacional de Agricultura
041 _a(Pt)
072 _aK50
100 1 _aCalil Neto, C.
100 1 _aChristoforo, A.L.
100 1 _aRibeiro Filho, S.L.M.R.
100 1 _aLahr, F.A.R.
100 1 _aCalil Junior, C.C.
245 1 _aAvaliação da resistência ao cisalhamento e à delaminação em madeira laminada colada
650 _aEUCALIPTO
650 _aPROCESSAMENTO
650 _aTECA
650 _aMADEIRA
773 0 _tCiência Florestal (Brazil)
_xISSN 0103-9954
_g(Oct-Dec 2014), v. 24(4) p. 989-996
_wBR2015003208
909 _a202311
_bLúcia
_c55
_dLúcia Elande
942 _2AGRIS
_n0
_cANA
999 _c244069
_d244069